000 01318cam a2200133 4500500
005 20260322001021.0
041 _afre
042 _adc
100 1 0 _aFix, Florence
_eauthor
245 0 0 _aBarbe-Bleue et l'esthétique du secret : De Charles Perrault à Amélie Nothomb
260 _bHermann,
_c2014.
520 _aTueur en série, assassin de femmes vulnérables qu’il met à l’épreuve de la curiosité avant de les en punir, Barbe-Bleue est une figure de la violence conjugale que l’on retrouve, depuis Charles Perrault, sous diverses variantes au théâtre, au cinéma, dans la peinture occidentale comme en poésie et encore très récemment dans un roman d’Amélie Nothomb. Ce qui fascine, outre la brutalité des faits, c’est qu’une part de secret résiste à la compréhension : le « pourquoi » des meurtres et des pièges nous reste opaque. Serait-ce que Barbe-Bleue est en fait la victime, de la rumeur, de médisances, mais surtout de l’indiscrétion de femmes volages, incapables de lui laisser une part d’intimité ? Penser le secret de Barbe-Bleue, c’est interroger l’intimité, la confiance, l’interdit dans le couple occidental moderne.
856 4 1 _uhttps://shs.cairn.info/barbe-bleue-et-l-esthetique-du-secret--9782705687311?lang=fr&redirect-ssocas=7080
999 _c1711266
_d1711266